000 00692cam a22002291 4500
001 sa 62000649
003 DLC
005 20260227111915.0
008 711123s1961 xx 000 0 eng
010 _asa 62000649
035 _a(OCoLC)174425
040 _aDLC
_cOAU
_dDLC
042 _apremarc
050 0 0 _aDS664
_b.Y32
100 1 _aYabes, Leopoldo Y.
245 1 0 _aIn larger freedom;
_bstudies in Philippine life, thought and institutions.
260 _aQuezon City,
_bUniversity of the Philippines
_c1961.
300 _a471-612 p.
_c24 cm.
490 0 _aPhilippine studies series,
_v6
500 _aRunning title: The Diliman review.
651 0 _aPhilippines
_xIntellectual life.
999 _c52998
_d52998